| Tag |
First Indicator |
Second Indicator |
Subfields |
| LEADER |
00000cam a22000001a 4500 |
| 001 |
in00000090874 |
| 005 |
20151008063807.0 |
| 008 |
790405s1954 pau b 00110aengm |
| 010 |
|
|
|a 54010257
|
| 019 |
|
|
|a 4235345
|a 4340753
|
| 035 |
|
|
|a (OCoLC)00387230
|
| 035 |
|
|
|9 AAK2937AM
|
| 040 |
|
|
|a DLC
|c DLC
|d m.c.
|d TXA
|d UtOrBLW
|
| 049 |
|
|
|a TXAM
|c [1672597]
|
| 050 |
0 |
0 |
|a BR65.C65
|b S8 1954
|
| 082 |
0 |
|
|a 281.3
|
| 100 |
1 |
|
|a Oulton, J. E. L.
|q (John Ernest Leonard),
|d 1886-
|
| 245 |
1 |
0 |
|a Alexandrian Christianity :
|b selected translations of Clement and Origen /
|c with introductions and notes by John Ernest Leonard Oulton and Henry Chadwick.
|
| 264 |
|
1 |
|a Philadelphia :
|b Westminster Press,
|c 1954.
|
| 300 |
|
|
|a 475 pages ;
|c 24 cm.
|
| 336 |
|
|
|a text
|b txt
|2 rdacontent
|
| 337 |
|
|
|a unmediated
|b n
|2 rdamedia
|
| 338 |
|
|
|a volume
|b nc
|2 rdacarrier
|
| 490 |
1 |
|
|a The Library of Christian classics ;
|v v. 2
|
| 500 |
|
|
|a Includes indexes.
|
| 504 |
|
|
|a Bibliography: pages 456-458.
|
| 650 |
|
0 |
|a Christian literature, Early.
|
| 700 |
1 |
2 |
|a Clement,
|c of Alexandria.
|t Stromateis. Stromata. English. 1954.
|
| 700 |
0 |
2 |
|a Origen.
|t Selected works. English. 1954.
|
| 700 |
1 |
|
|a Chadwick, Henry,
|d 1920-2008.
|
| 830 |
|
0 |
|a Library of Christian classics ;
|v v. 2.
|
| 999 |
|
|
|a MARS
|
| 999 |
f |
f |
|s 886ff695-a03d-3e01-b5fb-eea4db3d861b
|i 5c6fa2b2-8634-3f69-a482-5831475e707d
|t 0
|
| 952 |
f |
f |
|p ric
|a Texas A&M University
|b Rellis Campus
|c Joint Library Facility
|d Remote Storage
|t 0
|e BR65.C65 S8 1954
|h Library of Congress classification
|i unmediated -- volume
|m A14806090733
|
| 998 |
f |
f |
|a BR65.C65 S8 1954
|t 0
|l Remote Storage
|